Y en España se puso el sol : (Record no. 182650)

MARC details
000 -LEADER
campo de control de longitud fija 00867nam a2200241 i 4500
001 - NÚMERO DE CONTROL
campo de control 182650
003 - IDENTIFICADOR DE NÚMERO DE CONTROL
campo de control ES-MaACL
005 - FECHA Y HORA DE LA ÚLTIMA TRANSACCIÓN
campo de control 20250816063151.0
008 - DATOS DE LONGITUD FIJA--INFORMACIÓN GENERAL
campo de control de longitud fija 131008s2010 sp | |||||||| | spa d
020 ## - NÚMERO INTERNACIONAL ESTÁNDAR DEL LIBRO
Número Internacional Estándar del Libro 978-84-7486-211-9
080 ## - NÚMERO DE LA CLASIFICACIÓN DECIMAL UNIVERSAL
Número de la Clasificación Decimal Universal 821.134.2-31"19"
100 1# - ENTRADA PRINCIPAL--NOMBRE DE PERSONA
Nombre de persona González Morales, Agustín E.,
Fechas asociadas al nombre 1959-
9 (RLIN) 153591
245 10 - MENCIÓN DEL TÍTULO
Título Y en España se puso el sol :
Resto del título Cuba 1898 /
Mención de responsabilidad, etc. Agustín González.
250 ## - MENCION DE EDICION
Mención de edición 1ª ed.
260 ## - PUBLICACIÓN, DISTRIBUCIÓN, ETC.
Lugar de publicación, distribución, etc. Barcelona :
Nombre del editor, distribuidor, etc. Noray,
Fecha de publicación, distribución, etc. 2010.
300 ## - DESCRIPCIÓN FÍSICA
Extensión 527 p. ;
Dimensiones 22 cm.
490 1# - MENCIÓN DE SERIE
Mención de serie Narrativa marítima ;
Designación de volumen o secuencia 19
830 0# - PUNTO DE ACCESO ADICIONAL DE SERIE-TÍTULO UNIFORME
Título uniforme Narrativa marítima ;
Designación de volumen o secuencia 19
9 (RLIN) 191392
852 ## - LOCALIZACIÓN
Ubicación ES-MaACL
Número de control de estantería N-5803
itemnumber 189567
Sublocalización o colección R.149022
Ubicación en estantería Depósito 1
Signatura antigua Olim: N-5803
Nota libre Dedicatoria autógrafa del autor
Encuadernación Donación: Agustín González
903 ## - NOMBRE PERSONAL DE DONANTE
a González Morales, Agustín E.,
d 1959-
e Donante
9 153591
942 ## - ELEMENTOS DE ENTRADA SECUNDARIOS (KOHA)
Fuente del sistema de clasificación o colocación Clasificación decimal universal
Tipo de ítem Koha Libro impreso
Holdings
Estatus retirado Estado de pérdida Fuente del sistema de clasificación o colocación Estado de daño No para préstamo Biblioteca de origen Biblioteca actual Ubicación en estantería Fecha de adquisición Fuente de adquisición Total de préstamos Signatura topográfica completa Código de barras Visto por última vez Precio de reemplazo Tipo de ítem Koha Nota pública
    Clasificación decimal universal     Biblioteca del Ateneo de Madrid Biblioteca del Ateneo de Madrid Depósito 1 08/10/2013 Donación   A-12803 1191951 23/02/2023 23/02/2023 Libro impreso Dedicatoria autógrafa del autor